| 000 | 00338nam a22001217a 4500 | ||
|---|---|---|---|
| 999 |
_c480261 _d480261 |
||
| 003 | NUST | ||
| 008 | 161110t xxu||||| |||| 00| 0 eng d | ||
| 038 | _aMian Adnan | ||
| 082 | _a020 | ||
| 245 |
_ath-ms-impact of lettuce transmitted silver nanotoxicity on mice _cmohsin ali-sup-dr. Nasar-um-minullah |
||
| 250 | _a2016 | ||
| 942 |
_2ddc _cTHE |
||